000 00616nam a2200229Ia 4500
003 OSt
005 20220924144924.0
006 a|||||r|||| 00| 0
007 ta
008 220923b |||||||| |||| 00| 0 urd d
024 _a323769
037 _cTextual
040 _aARTS
_cARTS
_burd
041 _2urd
_aurd
082 _aX:57, 168G7
100 _aGoshen Au.
_9218704
245 0 _aNazariya-e-mubadilat karja
260 _c1937
700 _a Habeeburrehman Mohammad Tr.
_9218705
942 _hX:57, 168G7
_cTEXL
_2CC
999 _c458659
_d458659